| 000 | 00524nam a2200181Ia 4500 | ||
|---|---|---|---|
| 001 | 13133 | ||
| 005 | 20260306163031.0 | ||
| 008 | 260306t2011||||xx |||||||||||||| ||spa|| | ||
| 041 | _aESP | ||
| 082 |
_aRX 330.9854 _bU61 |
||
| 100 |
_aUniversidad Católica San Pablo _eAUT |
||
| 245 | 0 |
_aInforme económico 2011: _bdistritos de Cerro Colorado y Paucarpata: Directorio de Unidades Económicas en Establecimientos - DUEE |
|
| 260 | _c2011 | ||
| 300 |
_a _c |
||
| 650 | _aGEN | ||
| 654 | _aCAN | ||
| 942 |
_cLIB _dJUS _fJUS _2ddc _n |
||
| 999 |
_c13133 _d13133 |
||